| 000 | 02802cam a22005294i 4500 | ||
|---|---|---|---|
| 003 | PE-LiUPU | ||
| 005 | 20250731165550.0 | ||
| 008 | 150625s r 000 0 d | ||
| 035 | _a(Sirsi) a34418 | ||
| 035 | _a(Sirsi) a34418 | ||
| 040 |
_aPE-LiUPU _bspa _cPE-LiUPU _erda |
||
| 082 | 0 | 4 |
_a985.04 _bD _223 |
| 100 | 1 |
_aAlvarez Brun, Félix, _eautor. |
|
| 245 | 1 | 0 |
_aMisiones Peruanas 1820-1826 : _nVolumen 3. / _bRelaciones diplomáticas con Gran Bretaña. _cRecopilación y prólogo de Félix Alvarez Brun |
| 264 | 1 |
_aLima : _bComisión Nacional del Sesquicentenario de la Independencia del Perú, |
|
| 300 |
_a282 páginas ; _c25 centímetros. |
||
| 336 |
_atext _2rdacontent |
||
| 337 |
_aunmediated _2rdamedia |
||
| 338 |
_avolume _2rdacarrier |
||
| 490 | 0 |
_aColección Documental de la Independencia del Perú ; _v11 |
|
| 500 | _a"Año de las 200 millas" | ||
| 505 | _aCorrespondencia de Juan Parish Robertson con el Gobierno del Perú (1824-1827) -- Correspondencia de José Joaquín Olmedo -- Correspondencia de la Legación Peruana, durante su viaje a Londres, al Ministerio de Estado y Relaciones Exteriores -- Correspondencia con el Ministerio de Estado y Relaciones Exteriores del Perú desde el arribo de la Legación a Londres -- Observaciones sobre la cuenta formada por los señores Don Juan García del Río y Don Diego Paroissien en 6 de Abril de 1825 y remitida al Gobierno del Perú por Don Juan Parish Robertson -- Debe (continuación de la cuenta de) el Gobierno del Perú por el segundo empréstito con Don Juan Parish Robertson -- Copia de la cuenta que presentó al señor Robertson el señor Thomson -- Capítulo de la carta del señor Carrión al señor Thomson -- Capítulo de la carta del señor Thomson, al señor Robertson -- El Gobierno del Perú por segundo empréstito en C/C con don Juan Parish Robertson. | ||
| 526 | _aSEG44 | ||
| 526 | _aSEG26 | ||
| 526 | _aP151 | ||
| 526 | _aP150 | ||
| 526 | _aP149 | ||
| 526 | _aP146 | ||
| 526 | _aP145 | ||
| 526 | _aP126 | ||
| 526 | _aP125 | ||
| 526 | _aP92 | ||
| 526 | _aP75 | ||
| 526 | _aP74 | ||
| 526 | _aP27 | ||
| 526 | _aP15 | ||
| 651 |
_aGran Bretaña _xRelaciones exteriores _zPerú |
||
| 651 |
_aPerú _xRelaciones exteriores _zGran Bretaña |
||
| 651 |
_aPerú _xHistoria _yEmancipación, 1808-1824 _vFuentes |
||
| 651 |
_aPerú _xHistoria _yRepública, 1825- _vFuentes |
||
| 651 |
_aPerú _xRelaciones exteriores. |
||
| 700 | 1 |
_aAlvarez Brun, Félix, _d1922- , _ecompilador. |
|
| 942 |
_2ddc _cBK |
||
| 949 |
_aRC 985.04 D 11 / 3 _wDEWEY _c1 _i17013 _lRC _mBUL _r0 _sY _tBOOK _u2015-6-25 _xBIBLIOTECA _zUNKNOWN _0COMPRA _o.CIRCNOTE. No olvidar cambiar la fecha de devolución!!!!!!! _o.STAFF. Colección General |
||
| 999 |
_c42272 _d42272 |
||
| 980 |
_81 _gALBERTO SANCHEZ Responsable de Automatización |
||